| 000 | 00648nam a22002177a 4500 | ||
|---|---|---|---|
| 003 | DO-SdBNP | ||
| 005 | 20220920102050.0 | ||
| 008 | 171113b2004 sp| 00| 0 spa d | ||
| 020 | _a8449402166 | ||
| 040 |
_aBPMSU _bspa _cBPMSU |
||
| 082 |
_a616.0252 _bM489f 2004 _222 |
||
| 245 |
_aMedicina familiar : _bprimeros auxilios / _cdirección José Gay, |
||
| 260 |
_aBarcelona : _bGrupo Oceano, _c2004 |
||
| 300 |
_a176 p, : _bil., retratos ; _c26 cm. |
||
| 590 | _6Inventariado, 2022/VM | ||
| 650 | 4 |
_aMedicina familiar _v Guías. _x |
|
| 650 | 4 |
_aPrimeros auxilios. _vGuías |
|
| 710 | 2 | _aOcéano | |
| 910 | _aVMateo V./ Validado | ||
| 942 |
_2ddc _cBK |
||
| 999 |
_c12856 _d12856 |
||